| 000 -LEADER |
| fixed length control field |
00728cam a22002414a 4500 |
| 001 - CONTROL NUMBER |
| control field |
12263 |
| 003 - CONTROL NUMBER IDENTIFIER |
| control field |
BD-DhUAP |
| 005 - DATE AND TIME OF LATEST TRANSACTION |
| control field |
20200308125842.0 |
| 008 - FIXED-LENGTH DATA ELEMENTS--GENERAL INFORMATION |
| fixed length control field |
200308t20082000ii a b 001 0 eng |
| 020 ## - INTERNATIONAL STANDARD BOOK NUMBER |
| International Standard Book Number |
9780074636312 |
| 020 ## - INTERNATIONAL STANDARD BOOK NUMBER |
| International Standard Book Number |
0074636316 |
| 040 ## - CATALOGING SOURCE |
| Original cataloging agency |
DLC |
| Transcribing agency |
DLC |
| Language of cataloging |
Eng |
| Modifying agency |
BD-DhUAP |
| 082 ## - DEWEY DECIMAL CLASSIFICATION NUMBER |
| Edition number |
23 |
| Classification number |
621.47 GAR |
| 100 ## - MAIN ENTRY--PERSONAL NAME |
| Personal name |
Garg, H. P. |
| 245 10 - TITLE STATEMENT |
| Title |
Solar energy : |
| Remainder of title |
fundamentals and applications / |
| Statement of responsibility, etc. |
H. P. Garg and J. Prakash. |
| 250 ## - EDITION STATEMENT |
| Edition statement |
1st rev. ed. |
| 260 ## - PUBLICATION, DISTRIBUTION, ETC. |
| Place of publication, distribution, etc. |
New Delhi : |
| Name of publisher, distributor, etc. |
Tata McGraw Hill, |
| Date of publication, distribution, etc. |
c2000 [Reprinted 2008]. |
| 300 ## - PHYSICAL DESCRIPTION |
| Extent |
xviii, 434 pages : |
| Other physical details |
illustrations ; |
| Dimensions |
25 cm. |
| 504 ## - BIBLIOGRAPHY, ETC. NOTE |
| Bibliography, etc. note |
Includes bibliographical references and index. |
| 650 ## - SUBJECT ADDED ENTRY--TOPICAL TERM |
| Topical term or geographic name entry element |
Solar energy. |
| 700 ## - ADDED ENTRY--PERSONAL NAME |
| Personal name |
Prakash, J. |
| 942 ## - ADDED ENTRY ELEMENTS (KOHA) |
| Source of classification or shelving scheme |
|
| Koha item type |
Book |